| 000 | 00747nam a22002297a 4500 | ||
|---|---|---|---|
| 005 | 20170124110216.0 | ||
| 010 | _a919740 | ||
| 020 |
_c00.00 _a0706904826 |
||
| 035 | _a919740 | ||
| 037 | _bCen Lib/Ret | ||
| 040 |
_aDPL _bEN |
||
| 082 |
_a020 _bMAR |
||
| 245 |
_aMarch of library science : Kaula festschrift : _cedited by V Venkatappaiah _bpapers presented in honour of Prof. P.N. Kaula / |
||
| 260 |
_aNew Delhi _bVikas Publishing House _c1979 |
||
| 270 |
_a5,Ansari Road _bNew Delhi _e110002 |
||
| 300 |
_ax, 626p. _c21cm(Hb) |
||
| 500 | _aIncludes index | ||
| 650 |
_aLibrary science _9105337 |
||
| 650 |
_aKaula, Prithvi Nath, -- 1924 _939043 |
||
| 700 |
_aVenkatappaiah, V. _923046 |
||
| 942 |
_2ddc _cEN _h020 _mMAR |
||
| 999 |
_c133832 _d133832 |
||